|
|
|
|
| LEADER |
01135nam a22002897a 4500 |
| 001 |
38988 |
| 003 |
BD-DhAAL |
| 008 |
220622t2017 SZ a|||| b||| 001 0 eng d |
| 999 |
|
|
|c 44431
|d 44431
|
| 020 |
|
|
|a 9783319855622
|
| 020 |
|
|
|a 9783319550848
|
| 040 |
|
|
|a BD-DhAAL
|c BD-DhAAL
|
| 082 |
|
|
|a 516.36
|2 23
|
| 100 |
|
|
|a Tu, Loring W.
|9 49569
|
| 245 |
|
|
|a Differential geometry :
|b connections, curvature, and characteristic classes /
|c Loring W. Tu
|
| 260 |
|
|
|a Switzerland :
|b Springer,
|c 2017.
|
| 300 |
|
|
|a xvi, 346 pages :
|b illustrations ;
|c 23 cm.
|
| 490 |
|
|
|a Graduate texts in mathematics,
|v 275
|
| 504 |
|
|
|a Includes bibliographical references and index.
|
| 526 |
|
|
|a MNS
|
| 541 |
|
|
|a Book Finder International
|e 38988
|
| 650 |
|
|
|a Geometry, Differential.
|9 49570
|
| 650 |
|
|
|a Mathematics.
|9 49571
|
| 830 |
|
|
|a Graduate texts in mathematics, 275
|9 49572
|
| 852 |
|
|
|a Ayesha Abed Library
|c General Stacks
|
| 942 |
|
|
|2 ddc
|c BK
|
| 952 |
|
|
|0 0
|1 0
|2 ddc
|4 0
|6 516_360000000000000_TU
|7 0
|9 71064
|a BRACUL
|b BRACUL
|c GEN
|d 2022-06-19
|e Book Finder International
|g 3493.65
|l 5
|m 16
|o 516.36 TU
|p 3010038988
|r 2025-10-09
|s 2025-07-05
|t 1
|v 3493.65
|w 2022-06-19
|y BK
|